Catálogo

EL INFORME DE AUDITORIA (Registro nro. 10617)

Detalles MARC
000 -LEADER
fixed length control field 00532nam a2200193 a 4500
001 - CONTROL NUMBER
control field 10617
005 - DATE AND TIME OF LATEST TRANSACTION
control field 20180713194716.0
008 - FIXED-LENGTH DATA ELEMENTS--GENERAL INFORMATION
fixed length control field 140415s1983 mx 000 0 spa d
041 ## - LANGUAGE CODE
Language code of text/sound track or separate title spa
082 ## - DEWEY DECIMAL CLASSIFICATION NUMBER
Classification number 657.45
Item number BRA
100 1# - MAIN ENTRY--PERSONAL NAME
Personal name BRASSEUX, J. HERMAN
245 13 - TITLE STATEMENT
Title EL INFORME DE AUDITORIA
250 ## - EDITION STATEMENT
Edition statement 1a ed.
260 ## - PUBLICATION, DISTRIBUTION, ETC.
Place of publication, distribution, etc. MEXICO :
Name of publisher, distributor, etc. EDICIONES CONTABLES Y ADMINISTRATIVAS,
Date of publication, distribution, etc. 1983
300 ## - PHYSICAL DESCRIPTION
Extent 251
650 14 - SUBJECT ADDED ENTRY--TOPICAL TERM
Topical term or geographic name entry element AUDITORIA
700 1# - ADDED ENTRY--PERSONAL NAME
Personal name RODRIGUEZ CASTORENA, AGUSTIN
Relator term tr.
700 1# - ADDED ENTRY--PERSONAL NAME
Personal name MILES, FRANCIS L.
Relator term coaut.
Existencias
Withdrawn status Lost status Source of classification or shelving scheme Damaged status Not for loan Collection code Home library Current library Shelving location Date acquired Source of acquisition Inventory number Total Checkouts Full call number Barcode Date last seen Price effective from Koha item type
    Dewey Decimal Classification     General Biblioteca Karol Wojtyla Biblioteca Karol Wojtyla Sala general 03/12/2013 Compra 151000000000000000024612   657.45 BRA 2571 05/01/2026 03/12/2013 Libro